000 00642nam a2200241Ia 4500
003 OSt
005 20220924121525.0
006 a|||||r|||| 00| 0
007 ta
008 220923b |||||||| |||| 00| 0 urd d
020 _c60.00
024 _a349722
037 _cTextual
040 _aARTS
_cARTS
_burd
041 _2urd
_aurd
082 _a2:51, 168N3
100 _aRiazuddin Sayed Au.
_9186258
245 0 _aDarja-e-bandi
260 _aIslamabad
_bMuqtadrah qaumi zuban Pakistan
_c1993
650 _aLIBRARY SCIENCE
942 _h2:51, 168N3
_cTEXL
_2CC
999 _c407884
_d407884